Burlesque on Carmen /

A parody of Cecil B. DeMille's Carmen (released that same year), the short finds Charlie Chaplin as unwitting police officer Officer Darn Hosiery, who becomes the target of gypsy smugglers.

Bibliographic Details
Main Author: Bizet, Georges, 1838-1875 (Composer)
Other Authors: White, Leo (Director), Chaplin, Charlie, 1889-1977 (Director, Actor), Spoor, George K. (Producer), Robbins, Jess, 1886-1973 (Producer)
Format: Video
Language:No linguistic content
Language Notes:Silent; English intertitles and musical accompaniment.
Published: Los Angeles, CA : Flicker Alley, 2015.
Series:Academic Video Online
Subjects:
Online Access:Connect to this streaming video (Alexander Street Press)

MARC

Tag First Indicator Second Indicator Subfields
LEADER 00000cgm a2200000Mi 4500
001 in00005540821
006 m o c
007 cr |n||||||||a
007 vz |za|z|
008 171211s2015 cau032 e o vuzxx d
005 20241201225857.1
035 |a (OCoLC)on1022758437 
040 |a ALSTP  |b eng  |e rda  |e pn  |c ALSTP  |d OCLCO  |d OCLCF  |d OCLCA  |d WYU  |d S9I  |d OCLCQ  |d OCLCO  |d CAUOI  |d OCLCO  |d AU@  |d OCLCO  |d UPM  |d OCLCO  |d OCLCQ  |d OCLCL  |d NUI 
019 |a 1373439847  |a 1430883675  |a 1443981477 
035 |a (OCoLC)1022758437  |z (OCoLC)1373439847  |z (OCoLC)1430883675  |z (OCoLC)1443981477 
041 0 |j eng 
082 0 4 |a 791.43/72  |q OCoLC  |2 23/eng/20230216 
049 |a TXAM 
245 0 0 |a Burlesque on Carmen /  |c Essanay ; Chaplin Brand ; [directed by Leo White and Charlie Chaplin] ; [produced by George K. Spoor and Jess Robbins]. 
264 1 |a Los Angeles, CA :  |b Flicker Alley,  |c 2015. 
300 |a 1 online resource (32 min.) 
306 |a 003135 
336 |a two-dimensional moving image  |b tdi  |2 rdacontent 
337 |a computer  |b c  |2 rdamedia 
337 |a video  |b v  |2 rdamedia 
338 |a online resource  |b cr  |2 rdacarrier 
347 |a data file  |2 rda 
380 |a Videorecording 
490 0 |a Academic Video Online 
500 |a Title from resource description page (viewed December 11, 2017). 
511 1 |a Charlie Chaplin, Edna Purviance, Ben Turpin, Leo White, Jack Hendersen. 
520 |a A parody of Cecil B. DeMille's Carmen (released that same year), the short finds Charlie Chaplin as unwitting police officer Officer Darn Hosiery, who becomes the target of gypsy smugglers. 
546 |a Silent; English intertitles and musical accompaniment. 
650 0 |a Smuggling  |v Drama. 
650 7 |a Smuggling.  |2 fast  |0 (OCoLC)fst01121775 
655 7 |a Comedy films.  |2 fast  |0 (OCoLC)fst01710291 
655 7 |a Drama.  |2 fast  |0 (OCoLC)fst01423879 
655 7 |a Short films.  |2 fast  |0 (OCoLC)fst01710364 
655 7 |a Silent films.  |2 fast  |0 (OCoLC)fst01710368 
655 7 |a Comedy films.  |2 lcgft 
655 7 |a Silent films.  |2 lcgft 
655 7 |a Short films.  |2 lcgft 
655 7 |a Films comiques.  |2 rvmgf 
655 7 |a Films muets.  |2 rvmgf 
655 7 |a Courts métrages.  |2 rvmgf 
700 1 |a Bizet, Georges,  |d 1838-1875,  |e composer.  |1 https://id.oclc.org/worldcat/entity/E39PBJh8HRrKbjh6WtYX7qtFrq 
700 1 |a White, Leo,  |e director. 
700 1 |a Chaplin, Charlie,  |d 1889-1977,  |e director,  |e actor.  |1 https://id.oclc.org/worldcat/entity/E39PBJjmRFhQmTkMdBPxdMcXVC 
700 1 |a Spoor, George K.,  |e producer. 
700 1 |a Robbins, Jess,  |d 1886-1973,  |e producer.  |1 https://id.oclc.org/worldcat/entity/E39PBJm98f7J69JWxwcftbP84q 
710 2 |a Flicker Alley (Firm),  |e distributor. 
710 2 |a Essanay Film Manufacturing Co.,  |e production company. 
758 |i has work:  |a Burlesque on Carmen (MovingImage)  |1 https://id.oclc.org/worldcat/entity/E39PCH6DkQ89gX4G9jBGCbXprm  |4 https://id.oclc.org/worldcat/ontology/hasWork 
856 4 0 |u http://proxy.library.tamu.edu/login?url=https://www.aspresolver.com/aspresolver.asp?MARC;3233346  |z Connect to this streaming video (Alexander Street Press)  |t 0 
955 |a Alexander Street Press subscription streaming video 
994 |a 92  |b TXA 
999 f f |s 43b5f193-dddc-4399-a670-015cfd0cb1cf  |i 3d2ea693-1792-420d-9e7b-998956e2dc48  |t 0 
952 f f |a Texas A&M University  |b College Station  |c Electronic Resources  |d Available Online  |t 0  |h Library of Congress classification 
998 f f |t 0  |l Available Online